Meistverkaufte Musikalben aller Zeiten - Statistiken

Allgemein
  • Dieses Quiz wurde 170 mal gespielt
  • Das Durchschnittsergebnis liegt bei 19 aus 89
Antwortstatistiken
Interpret - Album Erscheinungsjahr Verkaufte Alben % Korrekt
Michael Jackson - Thriller 1982 ≈ 67 Millionen
90%
The Beatles - 1 2000 ≈ 31 Millionen
69%
The Beatles - Abbey Road 1969 ≈ 31 Millionen
65%
Michael Jackson - Bad 1987 ≈ 35 Millionen
63%
The Beatles - Sgt. Pepper’s Lonely Hearts Club Band 1967 ≈ 32 Millionen
60%
AC/DC - Back in Black 1980 ≈ 50 Millionen
59%
Queen - Greatest Hits 1981 ≈ 25 Millionen
53%
Michael Jackson - Dangerous 1991 ≈ 32 Millionen
49%
Michael Jackson - HIStory – Past, Present and Future Book I 1995 ≈ 22 Millionen
48%
Michael Jackson - Off the Wall 1979 ≈ 20 Millionen
48%
ABBA - ABBA Gold – Greatest Hits 1992 ≈ 30 Millionen
45%
Metallica - Metallica 1991 ≈ 31 Millionen
42%
Madonna - Like a Virgin 1984 ≈ 21 Millionen
41%
Madonna - Ray of Light 1998 ≈ 20 Millionen
41%
Madonna - The Immaculate Collection 1990 ≈ 31 Millionen
41%
Madonna - True Blue 1986 ≈ 25 Millionen
41%
Nirvana - Nevermind 1991 ≈ 30 Millionen
41%
Pink Floyd - The Wall 1979 ≈ 30 Millionen
38%
Pink Floyd - The Dark Side of the Moon 1973 ≈ 50 Millionen
35%
Eminem - Encore 2004 ≈ 21 Millionen
32%
Eminem - The Eminem Show 2002 ≈ 27 Millionen
32%
Eminem - The Marshall Mathers LP 2000 ≈ 32 Millionen
32%
Pink Floyd - Wish You Were Here 1975 ≈ 20 Millionen
30%
Backstreet Boys - Backstreet’s Back 1997 ≈ 24 Millionen
27%
Backstreet Boys - Millennium 1999 ≈ 24 Millionen
27%
Britney Spears - … Baby One More Time 1999 ≈ 25 Millionen
27%
Britney Spears - Oops! … I Did It Again 2000 ≈ 20 Millionen
27%
Elvis Presley - Elvis’ Christmas Album 1957 ≈ 20 Millionen
27%
Led Zeppelin - Led Zeppelin IV 1971 ≈ 37 Millionen
27%
Elton John - Greatest Hits 1974 ≈ 24 Millionen
24%
U2 - The Joshua Tree 1987 ≈ 25 Millionen
24%
Whitney Houston - Whitney 1987 ≈ 20 Millionen
24%
Adele - 21 2011 ≈ 31 Millionen
23%
Elton John - Goodbye Yellow Brick Road 1973 ≈ 30 Millionen
23%
Adele - 25 2015 ≈ 22 Millionen
22%
Guns n’ Roses - Appetite for Destruction 1987 ≈ 30 Millionen
22%
Eagles - Hotel California 1976 ≈ 32 Millionen
21%
Eagles - Their Greatest Hits (1971–1975) 1976 ≈ 42 Millionen
21%
Phil Collins - No Jacket Required 1985 ≈ 25 Millionen
21%
Fleetwood Mac - Rumours 1977 ≈ 40 Millionen
20%
Linkin Park - Hybrid Theory 2000 ≈ 30 Millionen
20%
Linkin Park - Meteora 2003 ≈ 27 Millionen
20%
Prince and The Revolution - Purple Rain 1984 ≈ 25 Millionen
20%
Linkin Park - Minutes to Midnight 2007 ≈ 20 Millionen
19%
Bee Gees - Spirits Having Flown 1979 ≈ 20–30 Millionen
18%
Céline Dion - Let’s Talk About Love 1997 ≈ 31 Millionen
17%
Bon Jovi - Slippery When Wet 1986 ≈ 28 Millionen
16%
Bruce Springsteen - Born in the U.S.A. 1984 ≈ 30 Millionen
16%
Céline Dion - All the Way… A Decade of Song 1999 ≈ 22 Millionen
16%
Céline Dion - Falling into You 1996 ≈ 32 Millionen
16%
Céline Dion - The Colour of My Love 1993 ≈ 20 Millionen
16%
Bon Jovi - Cross Road 1994 ≈ 21 Millionen
15%
Mariah Carey - Daydream 1995 ≈ 20 Millionen
15%
Mariah Carey - Music Box 1993 ≈ 28 Millionen
15%
The Who - Tommy 1969 ≈ 20 Millionen
15%
Amy Winehouse - Back to Black 2006 ≈ 20 Millionen
13%
George Michael - Faith 1987 ≈ 25 Millionen
13%
Oasis - (What’s the Story) Morning Glory? 1995 ≈ 22 Millionen
13%
Tina Turner - Private Dancer 1984 ≈ 20 Millionen
13%
Bob Marley & The Wailers - Legend 1984 ≈ 25 Millionen
12%
Dire Straits - Brothers in Arms 1985 ≈ 30 Millionen
10%
Eric Clapton - Unplugged 1992 ≈ 26 Millionen
9%
Green Day - Dookie 1994 ≈ 20 Millionen
9%
Janet Jackson - janet. 1993 ≈ 20 Millionen
9%
Meat Loaf - Bat Out of Hell 1977 ≈ 43 Millionen
9%
Spice Girls - Spice 1996 ≈ 23 Millionen
9%
Supertramp - Breakfast in America 1979 ≈ 20 Millionen
9%
Shania Twain - Come On Over 1997 ≈ 40 Millionen
6%
Fugees - The Score 1996 ≈ 22 Millionen
5%
Santana - Supernatural 1999 ≈ 30 Millionen
5%
Shania Twain - The Woman in Me 1995 ≈ 20 Millionen
5%
Simon & Garfunkel - Bridge over Troubled Water 1970 ≈ 25 Millionen
5%
Whitney Houston - Whitney Houston 1985 ≈ 22 Millionen
5%
Ace of Base - Happy Nation 1992 ≈ 25 Millionen
4%
Def Leppard - Hysteria 1987 ≈ 20 Millionen
3%
Lionel Richie - Can’t Slow Down 1983 ≈ 20 Millionen
3%
Alanis Morissette - Jagged Little Pill 1995 ≈ 33 Millionen
2%
Andrea Bocelli - Romanza 1997 ≈ 20 Millionen
2%
Barbra Streisand - Guilty 1980 ≈ 20 Millionen
2%
Boston - Boston 1976 ≈ 20 Millionen
2%
Carole King - Tapestry 1971 ≈ 25 Millionen
2%
Dido - No Angel 1999 ≈ 21 Millionen
2%
Lauryn Hill - The Miseducation of Lauryn Hill 1998 ≈ 20 Millionen
2%
TLC - CrazySexyCool 1994 ≈ 23 Millionen
2%
Tracy Chapman - Tracy Chapman 1988 ≈ 20 Millionen
2%
Billy Ray Cyrus - Some Gave All 1992 ≈ 20 Millionen
1%
Hootie and the Blowfish - Cracked Rear View 1994 ≈ 21 Millionen
1%
Iron Butterfly - In-A-Gadda-Da-Vida 1968 ≈ 30 Millionen
1%
Norah Jones - Come Away with Me 2002 ≈ 27 Millionen
1%
Keine übereinstimmenden Quizze gefunden
Verteilung der Resultate
Anzahl Personen mit jedem Resultat
Perzentil nach korrekt beantworteten Fragen
Ihre Resultats-Entwicklung
Sie haben dieses Quiz noch nicht gespielt